000 01011nam a2200301 i 4500
001 38259
003 CO-BoRNBP
005 20250812133647.0
007 ta
008 240731s2017 uy a|||| |||| 00| 0 spa d
020 _a9789974886018
040 _aCO-BoRNBP
_bspa
_cCO-BoRNBP
_drda
041 _aspa
084 _aC CIN6
245 _aMundicuentos:
_bUn viaje por el mundo de la fantasía
_cLiliana Cinetto; ilustraciones, Walter Carzón, Ramón Gil, Pablo Olivero, Luis Retta
250 _aPrimera edición
264 1 _aMontevideo, Uruguay
_bArquetipo Grupo Editorial
_c2017
264 4 _b©Arquetipo Grupo Editorial S.A.
300 _a72 páginas
_bilustraciones a color
_c22 x 28 cm
336 _2rdacontent
_atexto
_btxt
337 _2rdamedia
_asin mediación
_bn
338 _2rdacarrier
_avolumen
_bnc
490 _vTomo violeta
650 1 7 _2LEMB
_aLiteratura infantil
_92746
650 1 7 _2LEMB
_aLiteratura infantil argentina
_92511
650 _2LEMB
_aimaginación/aventura
942 _2ddc
_cBKINF
999 _c38259
_d38259